Famous Bassists - Statistics

General Stats
  • This quiz has been taken 37 times
    36 since last reset
  • The average score is 9 of 15
Answer Stats
Hint Answer % Correct
The Beatles, Wings Paul McCartney
100%
Red Hot Chili Peppers Flea
90%
The Police Sting
83%
Led Zeppelin John Paul Jones
66%
Rush Geddy Lee
59%
Motörhead Lemmy
59%
Pink Floyd Roger Waters
59%
Metallica (name any) Cliff Burton | Jason Newsted | Robert Trujillo
55%
Nirvana Krist Novoselic
55%
Queen John Deacon
48%
The Who John Entwistle
48%
Black Sabbath Geezer Butler
45%
Primus Les Claypool
41%
Guns N' Roses Duff McKagan
31%
Cream Jack Bruce
28%
No matching quizzes found
Score Distribution
Percent of People with Each Score
Percentile by Number Answered
Your Score History
You have not taken this quiz since the last reset